[Event "SSC-Rostock-Open 2013"]
[Site "Rostock"]
[Date "2013.07.31"]
[Round "2.18"]
[White "Wurst, Maximilian"]
[Black "Mauser, Tassilo"]
[Result "1/2-1/2"]
[WhiteElo "1441"]
[BlackElo "1766"]
[PlyCount "112"]
[EventDate "2013.07.31"]
[EventType "swiss"]
[EventRounds "7"]
[EventCountry "GER"]
[Source "LSV Meck.-Vorp."]
[SourceDate "1999.06.01"]
[WhiteTeam "SSC Rostock 07"]
[BlackTeam "SV Gryps"]

1. e4 c5 2. Nf3 e6 3. Nc3 d5 4. exd5 exd5 5. d4 Nf6 6. Bb5+ Bd7 7. Bxd7+ Qxd7
8. Qe2+ Be7 9. O-O O-O 10. Bg5 Nc6 11. dxc5 Rfe8 12. Qd2 Rad8 13. Rad1 d4 14.
Bxf6 Bxf6 15. Ne2 Qd5 16. c3 Qxc5 17. cxd4 Qc4 18. Nc3 Nxd4 19. Nxd4 Rxd4 20.
Qc2 Rxd1 21. Rxd1 Qe6 22. g3 Rc8 23. Qd3 g6 24. Rc1 Rd8 25. Qb1 Rd2 26. Rc2 Rd8
27. Re2 Qa6 28. Re3 Bd4 29. Rf3 Qc6 30. Rd3 Qf6 31. Ne4 Qe6 32. Rd2 Bb6 33.
Rxd8+ Bxd8 34. b3 Bb6 35. Qc2 Qf5 36. Qc4 a6 37. Kg2 Kg7 38. Qe2 Qd7 39. Qf3 f5
40. Nc3 Bd4 41. Ne2 Bf6 42. Nf4 Kf7 43. Qe2 Qc6+ 44. Kg1 a5 45. Qd2 b6 46. Nd5
Be5 47. Ne3 Qd6 48. Qc2 b5 49. a4 f4 50. Ng4 fxg3 51. hxg3 bxa4 52. bxa4 Bg7
53. Qb3+ Ke7 54. Qb7+ Qd7 55. Qe4+ Kf7 56. Qc4+ Ke7 1/2-1/2

[Event "SSC-Rostock-Open 2013"]
[Site "Rostock"]
[Date "2013.07.31"]
[Round "2.19"]
[White "Fleischer, Matthias"]
[Black "Hilbig, Dieter"]
[Result "1-0"]
[WhiteElo "1929"]
[BlackElo "2029"]
[PlyCount "93"]
[EventDate "2013.07.31"]
[EventType "swiss"]
[EventRounds "7"]
[EventCountry "GER"]
[Source "LSV Meck.-Vorp."]
[SourceDate "1999.06.01"]
[WhiteTeam "SV Einheit Schwerin"]
[BlackTeam "ESV Gera"]

1. d4 Nf6 2. Nf3 e6 3. Bg5 d5 4. e3 c5 5. c3 Nc6 6. Nbd2 h6 7. Bh4 Be7 8. Bd3
b6 9. Qe2 Bb7 10. O-O O-O 11. Rfe1 Rc8 12. Rad1 cxd4 13. exd4 Re8 14. Bb1 Nh5
15. Bxe7 Qxe7 16. Qd3 g6 17. g3 f5 18. Ne5 Kg7 19. Ndf3 Nf6 20. Re2 Rc7 21.
Rde1 a6 22. Nh4 g5 23. Ng2 b5 24. Nxc6 Rxc6 25. Qd1 Qf7 26. Re5 Bc8 27. Bc2 Kh8
28. f3 Rc7 29. Qe2 Rce7 30. Bxf5 Ng8 31. Bc2 Nf6 32. Bb3 Bb7 33. Bc2 Bc8 34.
Bd3 Nd7 35. Re3 Nb6 36. Qc2 Nc4 37. Bg6 Nxe3 38. Nxe3 Qxf3 39. Bxe8 Rxe8 40.
Qg6 Qf8 41. Rf1 Qg8 42. Qxh6+ Qh7 43. Qxg5 Bd7 44. Rf4 Qg7 45. Qh4+ Qh7 46.
Qf6+ Qg7 47. Rh4+ 1-0

[Event "SSC-Rostock-Open 2013"]
[Site "Rostock"]
[Date "2013.07.31"]
[Round "2.20"]
[White "Mangold, Thomas"]
[Black "Leisner, Ekkehardt"]
[Result "1/2-1/2"]
[WhiteElo "1884"]
[BlackElo "1588"]
[PlyCount "48"]
[EventDate "2013.07.31"]
[EventType "swiss"]
[EventRounds "7"]
[EventCountry "GER"]
[Source "LSV Meck.-Vorp."]
[SourceDate "1999.06.01"]
[WhiteTeam "SSC Rostock 07"]
[BlackTeam "SV Turbine Neubrandenburg"]

1. c4 e5 2. g3 c5 3. Bg2 g6 4. Nc3 Bg7 5. e3 Nc6 6. Nge2 Nge7 7. O-O d6 8. d3
O-O 9. a3 Rb8 10. Rb1 a5 11. h3 Be6 12. Nd5 Qd7 13. Kh2 b5 14. b3 f5 15. Bd2 b4
16. a4 Rf7 17. f4 Rbf8 18. Qc2 h6 19. Rbe1 Kh7 20. Bc1 Rd8 21. Bb2 Qa7 22. Ng1
Qb8 23. Rd1 Rff8 24. Rfe1 Bc8 1/2-1/2

[Event "SSC-Rostock-Open 2013"]
[Site "Rostock"]
[Date "2013.07.31"]
[Round "2.21"]
[White "Schulz, Ronald"]
[Black "Reznik, Leonid"]
[Result "1/2-1/2"]
[WhiteElo "1574"]
[BlackElo "1869"]
[PlyCount "145"]
[EventDate "2013.07.31"]
[EventType "swiss"]
[EventRounds "7"]
[EventCountry "GER"]
[Source "LSV Meck.-Vorp."]
[SourceDate "1999.06.01"]
[WhiteTeam "SG Eintracht Neubrandenburg"]
[BlackTeam "TuS Makkabi Rostock"]

1. e4 d6 2. d4 Nf6 3. Nc3 g6 4. f4 Bg7 5. Nf3 a6 6. e5 Nfd7 7. Bc4 Nb6 8. Bb3
d5 9. Na4 Nxa4 10. Bxa4+ b5 11. Bb3 a5 12. c3 O-O 13. O-O Na6 14. a3 e6 15. Be3
Qe7 16. Qe2 Bd7 17. Bc2 c5 18. dxc5 Nxc5 19. b4 Na6 20. Bd3 Rfc8 21. Rfc1 Qe8
22. Nd4 Nc7 23. Nb3 a4 24. Nc5 Na6 25. Nxa6 Rxa6 26. Bc5 Bf8 27. Bxf8 Kxf8 28.
Rc2 Ra7 29. g4 Rac7 30. Rac1 Rb8 31. g5 Bc6 32. Qf2 Bb7 33. Qh4 Kg8 34. Rf1 d4
35. Rfc1 Qc6 36. Qg3 dxc3 37. Bf1 Qb6+ 38. Qf2 Qc6 39. Qg3 Rbc8 40. Bg2 Qb6+
41. Qf2 Qxf2+ 42. Kxf2 Bd5 43. Bxd5 exd5 44. Rd1 Rd8 45. Rd4 Kf8 46. Ke3 Ke7
47. Kd3 Ke6 48. Rxc3 Rxc3+ 49. Kxc3 Rc8+ 50. Kd2 Rc4 51. Ke3 Rc2 52. Rd2 Rc3+
53. Rd3 Rc1 54. Kd4 Rf1 55. Kc5 Rxf4 56. Kxb5 Kxe5 57. Ka6 f5 58. b5 Rf2 59.
Rh3 Rb2 60. b6 d4 61. b7 Ke4 62. Rxh7 d3 63. Re7+ Kf3 64. Rd7 Ke2 65. Re7+ Kd1
66. Re6 d2 67. Rxg6 f4 68. Rf6 Kc1 69. Rc6+ Kb1 70. Rd6 Kc1 71. Rc6+ Kb1 72.
Rd6 Kc1 73. Rc6+ 1/2-1/2

[Event "SSC-Rostock-Open 2013"]
[Site "Rostock"]
[Date "2013.07.31"]
[Round "2.22"]
[White "Raitza, Egon"]
[Black "Kreutz, Ralf"]
[Result "1/2-1/2"]
[WhiteElo "1856"]
[BlackElo "1573"]
[PlyCount "54"]
[EventDate "2013.07.31"]
[EventType "swiss"]
[EventRounds "7"]
[EventCountry "GER"]
[Source "LSV Meck.-Vorp."]
[SourceDate "1999.06.01"]
[WhiteTeam "SSC Rostock 07"]
[BlackTeam "SV Koenigsjaeger Sued-West"]

1. d4 d5 2. c4 c6 3. Nf3 Nf6 4. Nc3 g6 5. e3 Bg4 6. h3 Bf5 7. Qb3 Qb6 8. c5
Qxb3 9. axb3 Nbd7 10. b4 Bg7 11. b5 O-O 12. b4 Ne4 13. Nxe4 Bxe4 14. bxc6 bxc6
15. b5 Nxc5 16. Ba3 Nb3 17. Ra2 cxb5 18. Bxb5 Rfc8 19. O-O Bxf3 20. gxf3 e5 21.
Rb1 Na5 22. Bc5 Nc6 23. Bxc6 Rxc6 24. Rxa7 Rxa7 25. Bxa7 exd4 26. Rb8+ Bf8 27.
Bxd4 f5 1/2-1/2

[Event "SSC-Rostock-Open 2013"]
[Site "Rostock"]
[Date "2013.07.31"]
[Round "2.23"]
[White "Schamber, Dennis"]
[Black "Worm, Alfred"]
[Result "1/2-1/2"]
[WhiteElo "1544"]
[BlackElo "1844"]
[PlyCount "123"]
[EventDate "2013.07.31"]
[EventType "swiss"]
[EventRounds "7"]
[EventCountry "GER"]
[Source "LSV Meck.-Vorp."]
[SourceDate "1999.06.01"]
[WhiteTeam "TuS Makkabi Rostock"]
[BlackTeam "SSC Rostock 07"]

1. e4 c6 2. d4 d5 3. e5 c5 4. c3 Nc6 5. Nf3 e6 6. Be2 Qb6 7. a3 Nh6 8. b4 c4 9.
Bxh6 gxh6 10. O-O a5 11. Nbd2 a4 12. Re1 Ne7 13. Nf1 Ng6 14. g3 Rg8 15. Kh1 Bd7
16. Ne3 Qd8 17. Qd2 h5 18. Ng2 h6 19. Nfh4 Qg5 20. f4 Qe7 21. Bxh5 O-O-O 22.
Qc2 Qe8 23. Rf1 Be7 24. Nxg6 fxg6 25. Bg4 h5 26. Be2 Rh8 27. h3 Qg8 28. Ne3 Rf8
29. Rf2 Rh7 30. Raf1 Rhf7 31. Kh2 Qh7 32. Rf3 Qh6 33. Kg1 b5 34. Qb1 Qg7 35.
Bd1 Kb7 36. Bc2 Rg8 37. R3f2 Qh6 38. Rf3 Rfg7 39. Kf2 Kc6 40. Ke2 Be8 41. Kd2
Rf8 42. Qe1 Rgf7 43. Qf2 Bd7 44. Qg2 Qg7 45. g4 Rg8 46. Qf2 Rgf8 47. gxh5 gxh5
48. Rg1 Qh8 49. f5 exf5 50. Nxf5 Bxf5 51. Bxf5 Qh6+ 52. Kd1 Rg7 53. Rxg7 Qxg7
54. Be6 Rxf3 55. Qxf3 Qg1+ 56. Ke2 Qh2+ 57. Kf1 Kc7 58. Qxh5 Qf4+ 59. Ke2 Qe4+
60. Kf1 Qh1+ 61. Ke2 Qg2+ 62. Kd1 1/2-1/2

[Event "SSC-Rostock-Open 2013"]
[Site "Rostock"]
[Date "2013.07.31"]
[Round "2.24"]
[White "Marcussen, Claus"]
[Black "Lick, Helmut"]
[Result "1-0"]
[WhiteElo "1835"]
[BlackElo "1489"]
[PlyCount "83"]
[EventDate "2013.07.31"]
[EventType "swiss"]
[EventRounds "7"]
[EventCountry "GER"]
[Source "LSV Meck.-Vorp."]
[SourceDate "1999.06.01"]
[WhiteTeam "Fredericia Skakforening"]
[BlackTeam "SK Lister Turm"]

1. f4 d5 2. Nf3 Nf6 3. e3 g6 4. d4 Bg7 5. Bd3 Nbd7 6. Nbd2 b6 7. c3 O-O 8. Ne5
Nxe5 9. fxe5 Ne8 10. e4 c6 11. O-O Bb7 12. exd5 cxd5 13. Nf3 f6 14. Bf4 Nc7 15.
Qd2 Ne6 16. exf6 exf6 17. Bh6 Qd6 18. Nh4 Rf7 19. Rae1 Raf8 20. Rf3 Bxh6 21.
Qxh6 Ng5 22. Rfe3 Ne4 23. g3 f5 24. Ng2 Rf6 25. Qf4 g5 26. Qxd6 Rxd6 27. Rf1
Rdf6 28. Ne1 f4 29. gxf4 gxf4 30. Rh3 Bc8 31. Rh5 Rf5 32. Rxf5 Rxf5 33. Nf3 Kg7
34. Kg2 h6 35. Rg1 Kf6 36. Kf1 Rh5 37. Ke1 Rh3 38. Be2 Ng5 39. Ne5 Bf5 40. Rf1
Rxh2 41. Rxf4 Ne4 42. Ng4+ 1-0

[Event "SSC-Rostock-Open 2013"]
[Site "Rostock"]
[Date "2013.07.31"]
[Round "2.25"]
[White "Kreutz, Jonas"]
[Black "Vladov, Mark"]
[Result "0-1"]
[WhiteElo "1327"]
[BlackElo "1829"]
[PlyCount "50"]
[EventDate "2013.07.31"]
[EventType "swiss"]
[EventRounds "7"]
[EventCountry "GER"]
[Source "LSV Meck.-Vorp."]
[SourceDate "1999.06.01"]
[WhiteTeam "SV Koenigsjaeger Sued-West"]
[BlackTeam "SF Ostsee Warnemuende"]

1. e4 c5 2. Nf3 d6 3. d4 cxd4 4. Qxd4 Nc6 5. Bb5 Bd7 6. Bxc6 bxc6 7. Nc3 Qc7 8.
Bf4 e5 9. Nxe5 dxe5 10. Bxe5 c5 11. Nd5 Qa5+ 12. Qc3 Qxc3+ 13. Bxc3 Rc8 14. Ba5
Bd6 15. O-O-O Bb8 16. Bc3 f6 17. Rd3 Bb5 18. Rd2 Ne7 19. Nxe7 Kxe7 20. Rhd1 Bf4
21. g3 Bxd2+ 22. Rxd2 Rhd8 23. Rxd8 Rxd8 24. Ba5 Rd7 25. Kb1 Rd1# 0-1

[Event "SSC-Rostock-Open 2013"]
[Site "Rostock"]
[Date "2013.07.31"]
[Round "2.26"]
[White "Massloch, Philipp"]
[Black "Schulz, Daniel"]
[Result "1-0"]
[WhiteElo "1818"]
[BlackElo "1383"]
[PlyCount "53"]
[EventDate "2013.07.31"]
[EventType "swiss"]
[EventRounds "7"]
[EventCountry "GER"]
[Source "LSV Meck.-Vorp."]
[SourceDate "1999.06.01"]
[WhiteTeam "SAV Torgelow-Droegeheide 90"]
[BlackTeam "SG Eintracht Neubrandenburg"]

1. c3 d5 2. c4 d4 3. e3 e5 4. exd4 exd4 5. d3 c5 6. Nf3 Bg4 7. g3 Nf6 8. Bg2
Nc6 9. O-O Be7 10. Re1 O-O 11. Bf4 Qb6 12. Qc2 Rfe8 13. a3 Qa5 14. Nbd2 Nh5 15.
Nb3 Qb6 16. Bd2 Bf5 17. Ne5 Nxe5 18. Rxe5 Bg6 19. Rae1 Kf8 20. Ba5 Qf6 21. Bxb7
Rab8 22. Be4 Qa6 23. Bxg6 hxg6 24. Nxc5 Bxc5 25. Rxc5 Rbc8 26. Rxc8 Rxc8 27.
Qa4 1-0

[Event "SSC-Rostock-Open 2013"]
[Site "Rostock"]
[Date "2013.07.31"]
[Round "2.27"]
[White "Jaehn, Janis"]
[Black "Rozhanskyy, Oleksiy"]
[Result "1/2-1/2"]
[WhiteElo "1747"]
[BlackElo "1199"]
[PlyCount "42"]
[EventDate "2013.07.31"]
[EventType "swiss"]
[EventRounds "7"]
[EventCountry "GER"]
[Source "LSV Meck.-Vorp."]
[SourceDate "1999.06.01"]
[WhiteTeam "SF Schwerin"]
[BlackTeam "SSC Rostock 07"]

1. f4 d5 2. Nf3 Nf6 3. d3 e6 4. g3 Bc5 5. e3 O-O 6. Qe2 Nc6 7. Bg2 Re8 8. Ne5
Nd7 9. d4 Bb4+ 10. c3 Ndxe5 11. fxe5 Be7 12. O-O Rb8 13. a4 a6 14. c4 Nb4 15.
Na3 dxc4 16. Qxc4 Nd5 17. Bd2 Bxa3 18. Rxa3 b5 19. axb5 axb5 20. Qb3 c6 21.
Bxd5 Qxd5 1/2-1/2

[Event "SSC-Rostock-Open 2013"]
[Site "Rostock"]
[Date "2013.07.31"]
[Round "2.28"]
[White "Langer, Moritz"]
[Black "Graeber, Gero"]
[Result "1/2-1/2"]
[WhiteElo "1191"]
[BlackElo "1722"]
[PlyCount "129"]
[EventDate "2013.07.31"]
[EventType "swiss"]
[EventRounds "7"]
[EventCountry "GER"]
[Source "LSV Meck.-Vorp."]
[SourceDate "1999.06.01"]
[WhiteTeam "TuS Makkabi Rostock"]
[BlackTeam "SC Tettnang"]

1. d4 d5 2. c4 c6 3. Nc3 Nf6 4. Bg5 e6 5. e3 Be7 6. Nf3 Nbd7 7. cxd5 cxd5 8.
Bb5 a6 9. Bxd7+ Bxd7 10. Ne5 O-O 11. Nxd7 Qxd7 12. O-O b5 13. a3 Ne8 14. Bxe7
Qxe7 15. Re1 f5 16. Ne2 Nd6 17. b3 Rac8 18. Rc1 Rxc1 19. Qxc1 Rc8 20. Qb2 Ne4
21. f3 Nf6 22. Rc1 Qb7 23. Rxc8+ Qxc8 24. Qc3 Qb7 25. Nf4 Kf7 26. b4 Nd7 27. h3
Nb6 28. Nd3 Nc4 29. Nc5 Qa7 30. a4 bxa4 31. Nxa4 h6 32. e4 fxe4 33. fxe4 Nd6
34. Qf3+ Kg8 35. exd5 Qxd4+ 36. Qf2 Qd1+ 37. Kh2 Qxa4 38. dxe6 Qxb4 39. e7 Qb8
40. Qa2+ Kh8 41. Kh1 Qe8 42. Qe6 Nf7 43. h4 a5 44. g4 a4 45. Qe3 Kg8 46. g5
hxg5 47. hxg5 g6 48. Kg1 Nxg5 49. Qxg5 Kf7 50. Qh4 Qxe7 51. Qxa4 Kf6 52. Qf4+
Kg7 53. Kg2 g5 54. Qf5 Qf6 55. Qxf6+ Kxf6 56. Kg3 Kf5 57. Kf3 g4+ 58. Kg3 Kg5
59. Kg2 Kf4 60. Kf2 g3+ 61. Kg2 Kg4 62. Kg1 Kf5 63. Kg2 Kf4 64. Kg1 Kf3 65. Kf1
1/2-1/2

[Event "SSC-Rostock-Open 2013"]
[Site "Rostock"]
[Date "2013.07.31"]
[Round "2.29"]
[White "Ehrich, Dieter"]
[Black "Breuel, Steffen"]
[Result "1-0"]
[WhiteElo "1710"]
[BlackElo "1183"]
[PlyCount "71"]
[EventDate "2013.07.31"]
[EventType "swiss"]
[EventRounds "7"]
[EventCountry "GER"]
[Source "LSV Meck.-Vorp."]
[SourceDate "1999.06.01"]
[WhiteTeam "PSV Ribnitz-Damgarten"]
[BlackTeam "SSC Rostock 07"]

1. c4 Nf6 2. g3 e6 3. Bg2 Nc6 4. Nf3 Bc5 5. O-O O-O 6. d4 Bb4 7. a3 Be7 8. Nc3
d5 9. cxd5 exd5 10. Bf4 Nh5 11. Qd2 Nxf4 12. Qxf4 g5 13. Qd2 Be6 14. Ne1 f5 15.
Nc2 Bf6 16. e3 Ne7 17. Ne1 Ng6 18. Nd3 b6 19. Nb4 Ne7 20. Rac1 c5 21. Nc2 Rc8
22. b4 cxd4 23. Nxd4 Bxd4 24. exd4 Ng6 25. Qa2 Rc4 26. Bxd5 Bxd5 27. Nxd5 Rxd4
28. Nc7+ Rf7 29. Ne6 Qd5 30. Rc8+ Nf8 31. Qxd5 Rxd5 32. Nxg5 Rf6 33. Re1 Rd7
34. Ree8 Kg7 35. Rxf8 Rxf8 36. Ne6+ 1-0

[Event "SSC-Rostock-Open 2013"]
[Site "Rostock"]
[Date "2013.07.31"]
[Round "2.30"]
[White "Lange, Johannes"]
[Black "Kreuzinger, Frank"]
[Result "0-1"]
[WhiteElo "1174"]
[BlackElo "1759"]
[PlyCount "104"]
[EventDate "2013.07.31"]
[EventType "swiss"]
[EventRounds "7"]
[EventCountry "GER"]
[Source "LSV Meck.-Vorp."]
[SourceDate "1999.06.01"]
[WhiteTeam "Schachunion Berlin"]
[BlackTeam "vls./Pirna"]

1. e4 d6 2. Nf3 Nf6 3. Nc3 g6 4. Bc4 Bg7 5. O-O O-O 6. d4 Nxe4 7. Nxe4 d5 8.
Bxd5 Qxd5 9. Nc3 Qd6 10. Re1 Bg4 11. h3 Bd7 12. a3 a6 13. Be3 f5 14. Ne2 Nc6
15. c4 e5 16. d5 Ne7 17. Nc3 b6 18. b4 c5 19. bxc5 bxc5 20. Qd2 f4 21. Ne4 fxe3
22. Nxd6 exd2 23. Nxd2 Nf5 24. N6e4 Rfc8 25. Nb3 Nd4 26. Rab1 Bf5 27. Rb2 Bxe4
28. Rxe4 Rab8 29. Re3 a5 30. a4 Rb4 31. d6 Rd8 32. d7 Nxb3 33. Rbxb3 Rxd7 34.
Rxb4 Rd1+ 35. Kh2 axb4 36. a5 Ra1 37. Rd3 Rxa5 38. Rd8+ Kf7 39. Rd5 Ke6 40. Kg3
b3 41. Rd3 b2 42. Rb3 Ra3 43. Rxa3 b1=Q 44. Ra6+ Kf5 45. Kh2 Qf1 46. Ra7 Bh6
47. Rf7+ Ke6 48. Rxh7 Bf4+ 49. g3 Qxf2+ 50. Kh1 Bxg3 51. Re7+ Kxe7 52. h4 Qf1#
0-1

[Event "SSC-Rostock-Open 2013"]
[Site "Rostock"]
[Date "2013.07.31"]
[Round "2.31"]
[White "Morosova, Svetlana"]
[Black "Zeis, Konstantin"]
[Result "1-0"]
[WhiteElo "1689"]
[BlackElo "1157"]
[PlyCount "75"]
[EventDate "2013.07.31"]
[EventType "swiss"]
[EventRounds "7"]
[EventCountry "GER"]
[Source "LSV Meck.-Vorp."]
[SourceDate "1999.06.01"]
[WhiteTeam "Think Rochade - SC HRO"]
[BlackTeam "TuS Makkabi Rostock"]

1. d4 d5 2. c4 e6 3. Nf3 Nf6 4. Nc3 Bb4 5. Bg5 Nbd7 6. a3 Bd6 7. c5 Be7 8. e3
O-O 9. Bd3 h6 10. Bh4 c6 11. O-O b6 12. b4 Bb7 13. Qc2 Rc8 14. Rfb1 Qc7 15. Bg3
Qd8 16. a4 Nh5 17. Qe2 Nxg3 18. hxg3 Qc7 19. Nd2 Rfd8 20. f4 Rf8 21. Kf2 Nf6
22. g4 Nh7 23. Bxh7+ Kxh7 24. g5 Rg8 25. Rh1 Bf8 26. Nf3 Qe7 27. Ne5 Rd8 28.
Qd3+ f5 29. g6+ Kh8 30. Nf7+ Qxf7 31. gxf7 Kh7 32. fxg8=Q+ Kxg8 33. Rag1 Rd7
34. g4 Rf7 35. g5 Be7 36. gxh6 Kh7 37. hxg7+ Kg8 38. Rh8# 1-0

[Event "SSC-Rostock-Open 2013"]
[Site "Rostock"]
[Date "2013.07.31"]
[Round "2.32"]
[White "Wulf, Doris"]
[Black "Bardosch, Konstantin"]
[Result "0-1"]
[WhiteElo "1138"]
[BlackElo "1666"]
[PlyCount "74"]
[EventDate "2013.07.31"]
[EventType "swiss"]
[EventRounds "7"]
[EventCountry "GER"]
[Source "LSV Meck.-Vorp."]
[SourceDate "1999.06.01"]
[WhiteTeam "SC Mecklenburger Springer"]
[BlackTeam "SSC Rostock 07"]

1. c4 Nf6 2. g3 g6 3. Bg2 Bg7 4. Nc3 O-O 5. e3 d6 6. Nge2 c5 7. d3 e6 8. O-O
Nc6 9. a3 a6 10. b3 Bd7 11. Bb2 Qc7 12. Rc1 Rab8 13. Qc2 b5 14. cxb5 axb5 15.
Ne4 Nxe4 16. Bxg7 Kxg7 17. Bxe4 f5 18. Bg2 Qa5 19. Nf4 Kf7 20. Ra1 g5 21. Nh3
h6 22. f4 g4 23. Nf2 Rfc8 24. Qd1 Qc3 25. h3 h5 26. e4 Nd4 27. exf5 exf5 28.
Bd5+ Be6 29. Bxe6+ Kxe6 30. Re1+ Kf7 31. Ra2 Nf3+ 32. Kf1 Nxe1 33. Qxe1 Qxb3
34. Qd2 Qd5 35. Ra1 Re8 36. Kg1 Qf3 37. Kf1 gxh3 0-1

[Event "SSC-Rostock-Open 2013"]
[Site "Rostock"]
[Date "2013.07.31"]
[Round "2.33"]
[White "Wulf, Constanze"]
[Black "Gazizova, Alina"]
[Result "1-0"]
[WhiteElo "1615"]
[BlackElo "1120"]
[PlyCount "51"]
[EventDate "2013.07.31"]
[EventType "swiss"]
[EventRounds "7"]
[EventCountry "GER"]
[Source "LSV Meck.-Vorp."]
[SourceDate "1999.06.01"]
[WhiteTeam "SC Mecklenburger Springer"]
[BlackTeam "TuS Makkabi Rostock"]

1. d4 Nf6 2. c4 g6 3. Nc3 Bg7 4. e4 d6 5. f3 O-O 6. Bg5 e5 7. dxe5 dxe5 8. Qxd8
Rxd8 9. Nd5 Nbd7 10. Nxc7 Rb8 11. Nd5 h6 12. Be3 b6 13. Ne7+ Kf8 14. Nc6 Ba6
15. Nxd8 Rxd8 16. Rd1 Rc8 17. b3 Ke8 18. Ne2 Bf8 19. Kf2 g5 20. Ng3 Nc5 21. Nf5
Rc6 22. b4 Na4 23. b5 Bxb5 24. cxb5 Rc2+ 25. Rd2 Rxd2+ 26. Bxd2 1-0

[Event "SSC-Rostock-Open 2013"]
[Site "Rostock"]
[Date "2013.07.31"]
[Round "2.34"]
[White "Gazizov, Max"]
[Black "Schubert, Jens"]
[Result "1/2-1/2"]
[WhiteElo "1090"]
[BlackElo "1613"]
[PlyCount "95"]
[EventDate "2013.07.31"]
[EventType "swiss"]
[EventRounds "7"]
[EventCountry "GER"]
[Source "LSV Meck.-Vorp."]
[SourceDate "1999.06.01"]
[WhiteTeam "TuS Makkabi Rostock"]
[BlackTeam "SV Turbine Neubrandenburg"]

1. d4 d5 2. c4 e6 3. Nc3 c5 4. Nf3 Nc6 5. Bg5 Nf6 6. e3 Be7 7. Bd3 dxc4 8. Bxc4
cxd4 9. Nxd4 Nxd4 10. Qxd4 Qxd4 11. exd4 Bd7 12. O-O Rc8 13. b3 a6 14. a4 O-O
15. Rfe1 Bb4 16. Rac1 b5 17. Bxf6 gxf6 18. axb5 axb5 19. Re3 Bxc3 20. Rcxc3
bxc4 21. bxc4 Ra8 22. Re1 Ra7 23. h3 Rfa8 24. c5 Ra1 25. Rcc1 Rxc1 26. Rxc1 Bc6
27. f4 Ra2 28. Rd1 Rxg2+ 29. Kf1 Rh2 30. Rd3 Bb5 31. Kg1 Bxd3 32. Kxh2 Be4 33.
Kg3 Kf8 34. Kg4 Ke7 35. Kh5 Kd7 36. Kh6 e5 37. fxe5 fxe5 38. dxe5 Ke6 39. Kg7
Bg6 40. c6 h5 41. c7 Kd7 42. e6+ fxe6 43. c8=Q+ Kxc8 44. Kxg6 Kd7 45. Kxh5 e5
46. Kg4 Ke6 47. h4 Kf6 48. h5 1/2-1/2

[Event "SSC-Rostock-Open 2013"]
[Site "Rostock"]
[Date "2013.07.31"]
[Round "2.35"]
[White "Bardosch, Karl"]
[Black "Orthmann, Ralf"]
[Result "1-0"]
[WhiteElo "1608"]
[BlackElo "1028"]
[PlyCount "87"]
[EventDate "2013.07.31"]
[EventType "swiss"]
[EventRounds "7"]
[EventCountry "GER"]
[Source "LSV Meck.-Vorp."]
[SourceDate "1999.06.01"]
[WhiteTeam "SSC Rostock 07"]
[BlackTeam "Think Rochade - SC HRO"]

1. e4 e5 2. Nc3 Nc6 3. Bc4 Bc5 4. Qg4 g6 5. Qf3 Nf6 6. d3 O-O 7. Bg5 Be7 8.
Nge2 d6 9. Bh6 Re8 10. Nd5 Ng4 11. Bd2 Be6 12. Nxc7 Qxc7 13. Bxe6 fxe6 14. Qxg4
Qd7 15. h4 Nd8 16. h5 g5 17. Bxg5 Bxg5 18. Qxg5+ Qg7 19. Qxg7+ Kxg7 20. Kd2 Rf8
21. Raf1 Rc8 22. f4 Nc6 23. c3 Rf6 24. Rh3 Rcf8 25. Rhf3 d5 26. fxe5 Rxf3 27.
Rxf3 Nxe5 28. Rxf8 Kxf8 29. exd5 exd5 30. Nf4 Kg7 31. Nxd5 Kh6 32. Nf4 Kg5 33.
Ke3 Ng4+ 34. Kf3 Ne5+ 35. Ke4 Nc6 36. d4 Nd8 37. c4 b6 38. d5 h6 39. Ne6+ Nxe6
40. dxe6 Kf6 41. Kd5 Ke7 42. Ke5 a6 43. b4 b5 44. c5 1-0

[Event "SSC-Rostock-Open 2013"]
[Site "Rostock"]
[Date "2013.08.01"]
[Round "3.1"]
[White "Tomczak, Jacek"]
[Black "Franz, Karsten"]
[Result "1-0"]
[WhiteElo "2564"]
[BlackElo "2191"]
[PlyCount "49"]
[EventDate "2013.07.31"]
[EventType "swiss"]
[EventRounds "7"]
[EventCountry "GER"]
[Source "LSV Meck.-Vorp."]
[SourceDate "1999.06.01"]
[WhiteTeam "SSC Rostock 07"]
[BlackTeam "SV Dresden-Leuben"]

1. e4 d6 2. d4 Nf6 3. Nc3 g6 4. f4 Bg7 5. Nf3 O-O 6. Bd3 Nc6 7. e5 dxe5 8. fxe5
Nh5 9. Bc4 Bg4 10. Be3 Na5 11. Be2 c5 12. dxc5 Bxf3 13. Bxf3 Bxe5 14. Bxh5
Bxc3+ 15. bxc3 gxh5 16. Qxh5 Qd7 17. O-O f6 18. Bh6 Rf7 19. Rad1 Qe6 20. Rfe1
Qc8 21. Re3 Qe8 22. Rg3+ Kh8 23. Qg4 Qc8 24. Bg7+ Kg8 25. Rd8+ 1-0

[Event "SSC-Rostock-Open 2013"]
[Site "Rostock"]
[Date "2013.08.01"]
[Round "3.2"]
[White "Hess, Christian"]
[Black "Brynell, Stellan"]
[Result "0-1"]
[WhiteElo "2289"]
[BlackElo "2484"]
[PlyCount "86"]
[EventDate "2013.07.31"]
[EventType "swiss"]
[EventRounds "7"]
[EventCountry "GER"]
[Source "LSV Meck.-Vorp."]
[SourceDate "1999.06.01"]
[WhiteTeam "Koenigsspringer SC 1984"]
[BlackTeam "SSC Rostock 07"]

1. Nf3 d5 2. c4 d4 3. b4 a5 4. Bb2 axb4 5. Bxd4 Nc6 6. Bb2 Nf6 7. g3 g6 8. Bg2
Bg7 9. O-O O-O 10. d3 Re8 11. a3 bxa3 12. Nxa3 e5 13. Nb5 Rxa1 14. Qxa1 Nd7 15.
Nd2 Nc5 16. Qa3 Ne6 17. Qa8 Ned4 18. Bxd4 exd4 19. Re1 Qd7 20. Ne4 Qe7 21. Nd2
Ne5 22. Nf3 Nxf3+ 23. Bxf3 c6 24. Na3 Bf5 25. Qa4 Bxd3 26. Qb3 Bf5 27. Nc2 Be6
28. Nb4 Ra8 29. Rd1 h5 30. h4 Qc7 31. Qc2 Ra3 32. Nd3 Rc3 33. Qa4 Bxc4 34. Qa8+
Kh7 35. Rb1 Bb5 36. Qe8 Bf6 37. Nf4 Qe7 38. Qc8 Ra3 39. Kg2 Ra2 40. Rd1 Bc4 41.
Rb1 Ba6 42. Rc1 Be5 43. Nd3 Bd6 0-1

[Event "SSC-Rostock-Open 2013"]
[Site "Rostock"]
[Date "2013.08.01"]
[Round "3.3"]
[White "Stern, Rene"]
[Black "Weber, Max"]
[Result "1-0"]
[WhiteElo "2499"]
[BlackElo "2108"]
[PlyCount "65"]
[EventDate "2013.07.31"]
[EventType "swiss"]
[EventRounds "7"]
[EventCountry "GER"]
[Source "LSV Meck.-Vorp."]
[SourceDate "1999.06.01"]
[WhiteTeam "SK Koenig Tegel 1949"]
[BlackTeam "SSC Rostock 07"]

1. d4 Nf6 2. c4 e6 3. Nc3 Bb4 4. Bd2 O-O 5. Nf3 b6 6. e3 Bb7 7. Bd3 Bxc3 8.
Bxc3 Ne4 9. Bxe4 Bxe4 10. d5 c5 11. Nd2 Bg6 12. h4 exd5 13. cxd5 d6 14. h5 Bf5
15. Qf3 Qg5 16. g4 Bd3 17. h6 gxh6 18. e4 c4 19. Rh5 Qg6 20. O-O-O Nd7 21. Rdh1
Ne5 22. Qe3 f6 23. Rxh6 Qg7 24. Rxh7 Qxh7 25. Rxh7 Kxh7 26. Qh3+ Kg7 27. f4 Rh8
28. Qg2 Ng6 29. g5 Kf7 30. gxf6 Rag8 31. Nf3 Nxf4 32. Ng5+ Kf8 33. Qg4 1-0

[Event "SSC-Rostock-Open 2013"]
[Site "Rostock"]
[Date "2013.08.01"]
[Round "3.4"]
[White "Fries Nielsen, Jens Ove"]
[Black "Pererva, Viktor"]
[Result "1-0"]
[WhiteElo "2381"]
[BlackElo "2019"]
[Annotator "Raitza,Egon"]
[PlyCount "77"]
[EventDate "2013.07.31"]
[EventType "swiss"]
[EventRounds "7"]
[EventCountry "GER"]
[Source "LSV Meck.-Vorp."]
[SourceDate "1999.06.01"]
[WhiteTeam "FC ST. Pauli 1910"]
[BlackTeam "SSC Rostock 07"]

1. d4 d5 2. Nc3 c5 3. e3 Nf6 4. dxc5 e6 5. Qd4 Bd7 6. Nb5 Nc6 7. Qd1 Bxc5 8.
Nf3 O-O 9. Be2 Qe7 10. O-O a6 11. Nc3 Rac8 12. a3 Rfd8 13. b4 Ba7 14. Bb2 Be8
15. Bd3 e5 16. Bf5 Bd7 17. Bxd7 Rxd7 18. Ne2 Ne4 19. Qd3 b5 20. Rad1 Qe6 21.
Qb3 f6 22. Rd3 Ne7 23. Rfd1 Nd6 24. Ba1 Nc4 {(=)} 25. Qa2 Qf7 26. e4 Rcd8 27.
Nc3 d4 28. Ne2 Nd6 29. Qxf7+ Kxf7 30. Ng3 Ke6 31. Bb2 Rc7 32. c3 dxc3 33. Bxc3
Rcd7 34. Nh5 Nxe4 35. Nxg7+ Kf7 36. Rxd7 Nxf2 37. Rxa7 Rxd1+ 38. Kxf2 Rd3 39.
Bxe5 1-0